Les plus petits systèmes de métro - Statistiques

Statistiques générales
  • Ce quiz a été pris 23 fois
  • Le résultat moyen est 3 sur 31
Statistiques - réponses
Stations Système du métro % Correct
9.4 Rennes
100%
5.9 Lausanne
24%
10.4 Glasgow
19%
8 Gênes
14%
7.1 Gênes
14%
6 Dnipro
10%
7.1 Dnipro
10%
10 Erevan
10%
9 Iekaterinbourg
10%
12.7 Iekaterinbourg
10%
10 Kazan
10%
9 Almaty
5%
11.3 Almaty
5%
10 Catane
5%
8.8 Catane
5%
11.4 Mumbai
5%
10 Guiyang
0%
11.7 Gurgaon
0%
9 Jaipur
0%
9.6 Jaipur
0%
(8 Ligne Rinkai de Tokyo)
0%
(12.2 Ligne Rinkai de Tokyo)
0%
8 Lucknow
0%
8.5 Lucknow
0%
9 Mecque
0%
10 Samara
0%
12.7 Samara
0%
10 Tabriz
0%
7.0 Tabriz
0%
6 Yokohama
0%
4.1 Yokohama
0%
Aucun quiz correspondant
Distribution des résultats
% des personnes avec chaque résultat
Percentile par nombre de réponses
Votre historique - résultats
Vous n’avez pas pris ce quiz